Statistics for População do Distrito do Porto por ordem

Click here to take the quiz!

General Stats

  • This quiz has been taken 11 times
  • The average score is 9 of 18

Answer Stats

HintAnswer% Correct
303 824 hab.Vila Nova de Gaia
100%
231 800 hab.Porto
89%
172 557 hab.Matosinhos
78%
134 977 hab.Maia
67%
52 116 hab.Amarante
44%
164 257 hab.Gondomar
44%
47 364 hab.Lousada
44%
69 629 hab.Penafiel
44%
67 709 hab.Santo Tirso
44%
94 672 hab.Valongo
44%
80 825 hab.Vila do Conde
44%
17 534 hab.Baião
33%
55 848 hab.Felgueiras
33%
49 541 hab.Marco de Canaveses
33%
55 595 hab.Paços de Ferreira
33%
84 834 hab.Paredes
33%
64 255 hab.Póvoa de Varzim
33%
38 548 hab.Trofa
33%

Score Distribution

Percentile by Number Answered

Percent of People with Each Score

Your Score History

You have not taken this quiz